000 00603nam a2200169 a 4500
001 000030968
005 20200930062624.0
008 091014s1995 dr r 000 p spa d
040 _aDO-SdBNP
_bspa
_cBNPHU
082 _aRD861.44
_bR569e
100 1 _aRiggio Pou, Güido,
_d1949-
_926573
245 1 4 _aLos espejos del tiempo /
_cGüido Riggio Pou ; prólogo de Nelson Julio Minaya.
260 _aSantiago de los Caballeros, República Dominicana :
_bImpresora Central,
_c1995.
300 _a33 p. ;
_c21 cm.
700 1 _aMinaya, Nelson Julio,
_epról.
_957480
910 _aValidado. control de calidad. MFF
999 _c30460
_d30460